Complétez la citation de Astérix et Obélix: Mission Cléopatre - Statistiques

Statistiques générales
  • Ce quiz a été pris 205 fois
    190 depuis la dernière actualisation
  • Le résultat moyen est 5 sur 15
Statistiques - réponses
Question Réponse % Correct
Le lion ne s'associe pas avec le _________ cafard
91%
Bande de ____, vous allez tous crever comme des ______. Mais ça faisait deux fois__________. Chacals
81%
Il est où le _______ ? Ils ont mangé le ________ ? magneau
70%
Ton peuple, ton peuple, t'es quand-même _______ au départ grecque
51%
Il est mignon le______. Il est pas un peu vieux ? moustachu
50%
C'est croquant au milieu. __________. Pas mauvais. C'est le noyau
44%
Je suis mon cher ami très heureux de te voir. __________ C'est un Alexandrin
40%
Alors le mieux d'ici: ____________________ et normalement ils sont au bout. vous suivez les baffes
28%
Si ils s'en sortent de celle-là je jure de ___________ tiens.__________ plus jamais me raser la tête
23%
Pharaon avec deux _______, n'importe quoi aigles
15%
On passe nos journées sur le chantier à avaler de la poussière. _______ Des lentilles !
13%
Obé ? __________ ! Non c'est Pano
12%
Nil, Nil, Nil fleuve impétueux et tumultueux __________ tu es comme notre reine, la source de la vie.
5%
De la fausse potion magique circule sur le chantier. ___________, mais ce n'est pas de la potion magique; c'est de la soupe de potiron. Même couleur, même consistance
4%
J'ai rêvé que je gagnais un million de sesterces. Et avec je m'achetais une paire de chaussures trop grande, ____________. C'est incroyable puis moche en plus
4%
Aucun quiz correspondant
Distribution des résultats
% des personnes avec chaque résultat
Percentile par nombre de réponses
Votre historique - résultats
Vous n’avez pas pris ce quiz depuis la dernière actualisation